| 000 | 00930nam a2200217Ia 4500 | ||
|---|---|---|---|
| 005 | 20250622124034.0 | ||
| 008 | 250617s9999||||xx |||||||||||||| ||ara|| | ||
| 017 |
_a2024/7398 _bمصر. دار الكتب |
||
| 020 | _a9789778974522 | ||
| 082 | 0 | 4 |
_a754 _bغ م |
| 100 | 0 | _aغادة عبد السلام ناجى فايد | |
| 245 | 1 | 0 |
_aمظاهر الحياة الاجتماعية فى تصاوير المخطوطات التركية من القرن ( 9 - 12هـ / 15 - 18م ) : _bدراسة آثارية حضارية / _cغادة عبد السلام ناجى فايد |
| 250 | _aط1 | ||
| 260 | 3 |
_aالإسكندرية : _b"دار الوفاء لدنيا الطباعة والنشر،" _c2025. |
|
| 300 |
_a584ص : _bلوحات ؛ _c24سم. |
||
| 650 | _aالرسم الزخرفى | ||
| 650 | _aالرسم الفنى | ||
| 650 | _aرسم المناظر الطبيعية | ||
| 942 | _cBK | ||
| 999 |
_c67612 _d67612 |
||